Detalles MARC
| 000 -CABECERA |
| campo de control de longitud fija |
01700nam a2200265 a 4500 |
| 003 - IDENTIFICADOR DEL NÚMERO DE CONTROL |
| campo de control |
DO-SdBNP |
| 005 - FECHA Y HORA DE LA ÚLTIMA TRANSACCIÓN |
| campo de control |
20250522113441.0 |
| 007 - CAMPO FIJO DE DESCRIPCIÓN FÍSICA--INFORMACIÓN GENERAL |
| campo de control de longitud fija |
ta |
| 008 - DATOS DE LONGITUD FIJA--INFORMACIÓN GENERAL |
| campo de control de longitud fija |
220509e2019 dr ao||er|||| 001 0 spa d |
| 040 ## - FUENTE DE LA CATALOGACIÓN |
| Centro catalogador/agencia de origen |
DO-SdBNP |
| Lengua de catalogación |
spa |
| Centro/agencia transcriptor |
BNPHU |
| Normas de descripción |
rda |
| 082 #4 - NÚMERO DE LA CLASIFICACIÓN DECIMAL DEWEY |
| Número de edición |
22 |
| Número de documento/Ítem |
P969g |
| 245 04 - MENCIÓN DE TÍTULO |
| Título |
Proyecto, "gestión municipal participativa: |
| Resto del título |
inclusión del enfoque de derechos de la niñez en la administración pública local del Gran Santo Domingo / |
| Mención de responsabilidad, etc. |
fotografía, Michelle Puesán |
| 246 10 - FORMA VARIANTE DE TÍTULO |
| Título propio/Titulo breve |
Guía sobre derechos de la niñez en la gestión pública, marco legal, roles, políticas inclusivas y participación social dirigido a autoridades locales e instancias garantes. |
| 264 #1 - PRODUCCIÓN, PUBLICACIÓN, DISTRIBUCIÓN, FABRICACIÓN Y COPYRIGHT |
| Producción, publicación, distribución, fabricación y copyright |
[Santo Domingo] : |
| Nombre del de productor, editor, distribuidor, fabricante |
Save the Children, |
| Fecha de producción, publicación, distribución, fabricación o copyright |
2019 |
| 300 ## - DESCRIPCIÓN FÍSICA |
| Extensión |
74 paginas : |
| Otras características físicas |
ilustraciones, fotografías, |
| Dimensiones |
28 cm. |
| 336 ## - TIPO DE CONTENIDO |
| Fuente |
rdacontent |
| Término de tipo de contenido |
texto |
| Código de tipo de contenido |
txt |
| 337 ## - TIPO DE MEDIO |
| Fuente |
rdamedia |
| Nombre/término del tipo de medio |
sin mediación |
| Código del tipo de medio |
n |
| 338 ## - TIPO DE SOPORTE |
| Fuente |
rdacarrier |
| Nombre/término del tipo de soporte |
volumen |
| Código del tipo de soporte |
nc |
| 505 ## - NOTA DE CONTENIDO CON FORMATO |
| Título |
1. Antecedentes.-- |
| -- |
2. Derechos de la niñez: Marco legal nacional e internacional.-- |
| -- |
3. Instancias garantes de los derechos de niños, niñas y adolescentes.-- |
| -- |
4. Gestión Pública con enfoque de los derechos de la niñez.-- |
| -- |
5. Participación de niños, niñas y adolescentes.-- |
| -- |
6. Control social y veeduría.-- |
| -- |
7. Derechos de la niñez e inclusión social.-- |
| -- |
8. Política de inclusión de niños, niñas y adolescentes.-- |
| -- |
9. Género y derechos de la niñez.-- |
| -- |
10. Discapacidad en niños, niñas y adolescentes.-- |
| -- |
11. Mecanismo de no discriminación.-- |
| -- |
12. Referencias bibliográficas. |
| 590 ## - NOTA LOCAL (RLIN) |
| Nota local |
Inventariado 2022 / MF |
| 650 #0 - PUNTO DE ACCESO ADICIONAL DE MATERIA--TÉRMINO DE MATERIA |
| Término de materia o nombre geográfico como elemento de entrada |
Niños |
| Subdivisión general |
crecimiento |
| 9 (RLIN) |
73156 |
| 650 #4 - PUNTO DE ACCESO ADICIONAL DE MATERIA--TÉRMINO DE MATERIA |
| 9 (RLIN) |
64439 |
| Término de materia o nombre geográfico como elemento de entrada |
Derechos de los niños |
| Subdivisión geográfica |
República Dominicana |
| 910 ## - DATOS DE OPCIÓN DEL USUARIO (OCLC) |
| Datos de opción del usuario |
MF |
| 942 ## - ELEMENTOS DE PUNTO DE ACCESO ADICIONAL (KOHA) |
| Fuente del sistema de clasificación o colocación |
Dewey Decimal Classification |
| Tipo de ítem Koha |
Libro |